banner-ar

موسوعة المنارات : (Record no. 67606)

MARC details
000 -الفاتح
حقل البيانات ثابتة الطول 00986nam a2200241Ia 4500
005 - وقت وتاريخ اخر تعامل مع التسجيلة
رقم الضبط 20250622124033.0
008 - عناصر البيانات ثابتة الطول - معلومات عامة
حقل البيانات ثابتة الطول 250617s9999||||xx |||||||||||||| ||ara||
017 ## - رقم الايداع القانونى
رقم الايداع القانونى 2023/22504
المصدر ( الهيئة المختصة) مصر. دار الكتب
020 ## - الرقم الدولى المعيارى للكتب
الرقم الدولى المعيارى للكتاب 9789778974195
082 04 - رقم تصنيف ديوى العشرى
رقم التصنيف "726,2"
رقم المادة ع م
100 0# - المدخل الرئيسى - إسم شخصى
الإسم الشخصى عبدالله كامل موسى عبده
245 10 - بيان العنوان
العنوان موسوعة المنارات :
بقية العنوان المنارات فى العمارة المصرية والعالم الإسلامى حتى نهاية العصر المملوكى البحرى /
بيان المسئوليه,etc عبدالله كامل موسى عبده
250 ## - بيان الطبعة
بيان الطبعة ط1
260 3# - PUBLICATION, DISTRIBUTION, ETC. (IMPRINT)
تاريخ النشر أو التوزيع 2025.
300 ## - الوصف المادى
التعداد 556ص :
تفاصيل ماديه اخرى للوعاء لوحات ؛
أبعاد الوعاء 24سم.
650 ## - المدخل الاضافى بالموضوع-مصطلح موضوعى
مصطلح موضوعي الآثار الإسلامية
650 ## - المدخل الاضافى بالموضوع-مصطلح موضوعى
مصطلح موضوعي العمارة الإسلامية
650 ## - المدخل الاضافى بالموضوع-مصطلح موضوعى
مصطلح موضوعي الفن الإسلامى
650 ## - المدخل الاضافى بالموضوع-مصطلح موضوعى
مصطلح موضوعي المآذن
650 ## - المدخل الاضافى بالموضوع-مصطلح موضوعى
مصطلح موضوعي المساجد
942 ## - عناصر المدخل الإضافي( كوها)
Koha [default] item type كتاب
260 3# - PUBLICATION, DISTRIBUTION, ETC. (IMPRINT)
-- الإسكندرية :
-- "دار الوفاء لدنيا الطباعة والنشر،"
Holdings
حالة التراجع حالة الفقد حالة تلف ليس للاعارة المكان المؤقت الموقع الحالى موقع الترفيف تاريخ الاكتساب اجمالي اﻻعارات تاريخ اخر مشاهدة تاريخ تفعيل السعر نوع وعاء كوها
        مكتبة القاهرة الكبرى مكتبة القاهرة الكبرى قاعة الفنون_ك عربى 06/22/2025   06/22/2025 06/22/2025 كتاب

Powered By

EGPV